Mobile Game Apps- Sudden Death - Statistics

General Stats
  • This quiz has been taken 146 times
  • The average score is 8 of 17
Answers on the Grid
Answers color-coded by a green-red scale on the quiz's grid according to % correct below.
Clash of Clans
Match 10
Brawl Stars
Super Mario Run
Mail Simulator 2
Crush The Item
Temple Run
Subway Surfers
Cave Search
Block Blast
The Adventures of Teddy
Toca Boca World
Sonic Dash
Royal Match
Jungle Run
Fishdom
Cookie Cutter
Mario Party Mobile
Call of Duty Mobile
EA Sports F.C Mobile
Battleshippers
Human Survival RPG
Genshin Impact
Takashi's World
Rise Of Kingdoms
Age Of Empires
Magic Tiles 3
Order, Please
Stumble Guys
Hay Day
 
Answer Stats
Answer % Correct
Clash of Clans
95%
Subway Surfers
78%
Brawl Stars
74%
Temple Run
73%
Block Blast
61%
Call of Duty Mobile
57%
Super Mario Run
50%
Royal Match
44%
EA Sports F.C Mobile
36%
Genshin Impact
36%
Rise Of Kingdoms
35%
Sonic Dash
35%
Stumble Guys
35%
Toca Boca World
34%
Fishdom
33%
Magic Tiles 3
33%
Hay Day
29%
No matching quizzes found
Score Distribution
Percent of People with Each Score
Percentile by Number Answered
Your Score History
You have not taken this quiz